Tax dispute (Record no. 79115)

MARC details
000 -LEADER
fixed length control field 00889cab a22002055a 4500
001 - CONTROL NUMBER
control field L139868
008 - FIXED-LENGTH DATA ELEMENTS--GENERAL INFORMATION
fixed length control field 070816e200708 xxkd f 000 0 eng d
035 ## - SYSTEM CONTROL NUMBER
System control number (Sirsi) u139868
041 0# - LANGUAGE CODE
Language code of text/sound track or separate title eng
100 1# - MAIN ENTRY--PERSONAL NAME
Personal name Smulian, Mark
245 00 - TITLE STATEMENT
Title Tax dispute
260 ## - PUBLICATION, DISTRIBUTION, ETC.
Date of publication, distribution, etc. 2007
490 #0 - SERIES STATEMENT
Series statement Housebuilder
Volume/sequential designation 66(7) August 2007
520 ## - SUMMARY, ETC.
Summary, etc. The UK Government has put the Planning Gain Supplement (PGS) on hold while the industry explores alternative ways of raising cash for infrastructure. Report from Surrey, England where the county council is trialling a similar tax. This development charge on builders is proving controversial. Includes how the tax is calculated and details the shortage of local sites.
590 ## - LOCAL NOTE (RLIN)
Local note ka
650 24 - SUBJECT ADDED ENTRY--TOPICAL TERM
Topical term or geographic name entry element PLANNING GAIN SUPPLEMENT
651 #4 - SUBJECT ADDED ENTRY--GEOGRAPHIC NAME
Geographic name United Kingdom
Chronological subdivision
690 ## - LOCAL SUBJECT ADDED ENTRY--TOPICAL TERM (OCLC, RLIN)
Topical term or geographic name as entry element MANAGEMENT-BUSINESS MANAGEMENT-FINANCIAL MANAGEMENT-BUSINESS TAXATION
942 ## - ADDED ENTRY ELEMENTS (KOHA)
Suppress in OPAC 0
Holdings
Withdrawn status Lost status Source of classification or shelving scheme Damaged status Not for loan Home library Current library Shelving location Date acquired Total Checkouts Full call number Barcode Date last seen Copy number Price effective from Koha item type
    Dewey Decimal Classification     London London Journal article 16/08/2007   L139868 139868-1001 06/08/2019 1 06/08/2019 Journal article